Central Library OPAC University of Rajshahi

Management of training programs / (Record no. 73881)

MARC details
000 -LEADER
fixed length control field 00719nam a2200229 4500
001 - CONTROL NUMBER
control field 73881
003 - CONTROL NUMBER IDENTIFIER
rucl marc code BD-RjUL
005 - DATE AND TIME OF LATEST TRANSACTION
control field 20211209082446.0
008 - FIXED-LENGTH DATA ELEMENTS--GENERAL INFORMATION
fixed length control field 170613r19661960ilu b 001 0 eng d
035 ## - SYSTEM CONTROL NUMBER
System control number (BD-RjUL)74099
040 ## - CATALOGING SOURCE
Original cataloging agency DLC
Transcribing agency ICU
Modifying agency DLC
Language of cataloging eng
041 ## - LANGUAGE CODE
Language code of text/sound track or separate title eng
082 00 - DEWEY DECIMAL CLASSIFICATION NUMBER
Classification number 658.3124
Edition number 23
Author mark and year DEM 1966
100 1# - MAIN ENTRY--PERSONAL NAME
Personal name De Phillips, Frank Anthony.
9 (RLIN) 218797
245 10 - TITLE STATEMENT
Title Management of training programs /
Statement of responsibility, etc. by Frank A. DePhillips, William M. Berliner [and] James J. Cribbin.
260 ## - PUBLICATION, DISTRIBUTION, ETC. (IMPRINT)
Place of publication, distribution, etc. Homewood, Ill. :
Name of publisher, distributor, etc. R. D. Irwin ;
Date of publication, distribution, etc. 1960, [Reprinted 1966]
300 ## - PHYSICAL DESCRIPTION
Pagination 469 p. :
Size 24 cm.
504 ## - BIBLIOGRAPHY, ETC. NOTE
Bibliography, etc Includes bibliography.
650 #0 - SUBJECT ADDED ENTRY--TOPICAL TERM
Topical term or geographic name as entry element Employees
General subdivision Training of.
9 (RLIN) 218798
942 ## - ADDED ENTRY ELEMENTS (KOHA)
Source of classification or shelving scheme Dewey Decimal Classification
Koha item type Books
Holdings
Lost status Source of classification or shelving scheme Damaged status Not for loan Collection code Permanent Location Current Location Shelving location Date acquired Source of acquisition Cost, normal purchase price Total Checkouts Full call number Date last seen Copy number Koha item type
  Dewey Decimal Classification   Not For Loan Non-fiction Central Library, University of Rajshahi Central Library, University of Rajshahi Reading Room 30/03/1970 Zeitlinger 70.00   658.3124 DEM 1966 14/06/2017 C-1 Books